000 00852nam a22002177a 4500
999 _c3888
_d3888
003 AR-CdUCM
008 190307b ||||| |||| 00| 0 spa d
040 _aMUNICIPALIDAD PROVINCIAL DEL CUSCO
_cBIBLIOTECA MUNICIPAL DEL CUSCO
041 _heng
082 _a828.8 /
_bB91
100 _aBulwer, E. T.
_912489
245 _aLos últimos días de Pompeya /
260 _aMéxico, D. F :
_bNacional,
_c1968.
300 _a301 paginas ;
_c17 cm.
505 _aDos elegantes de pompeya -- La ramilletera ciega y la hermosura de moda: confesión del ateniense: el lector conoce a arbaces el egipcio -- Carácter de glauco: descripción de las cosas de pompeya: diversiones clásicas ...
650 _aNovelas históricas inglesas
_912490
650 _aLiteratura
_983
700 _aNúñez de Arenas, Isaac
_912491
942 _2ddc
_cLIBROS
945 _aacv